000 00386nam a2200145 i 4500
001 bg
100 1 _aBOGUSZEWSKI, Jan
245 0 _aInstrumenty finansowe w procesach reprodukcji majątku trwałego /
_cJ. Boguszewski.
260 _aWarszawa,
_c1979.
040 _cBPK
041 _apol
080 _a330.52:336:330.342.15
942 _cKS
008 s pl f |000 0 pol
999 _c18663
_d18663
856 _uhttp://koha.tu.koszalin.pl/cgi-bin/koha/opac-detail.pl?biblionumber=18663
_yKatalog online BPK